LEADER 00985nam 2200349 450 001 9910138438703321 005 20221021172036.0 010 $a953-51-6772-3 035 $a(CKB)3230000000075854 035 $a(NjHacI)993230000000075854 035 $a(EXLCZ)993230000000075854 100 $a20221021d2012 uy 0 101 0 $aeng 135 $aur||||||||||| 181 $ctxt$2rdacontent 182 $cc$2rdamedia 183 $acr$2rdacarrier 200 00$aCurrent concepts in colonic disorders /$fedited by Godfrey Lule 210 1$aRijeka, Croatia :$cInTech,$d[2012] 210 4$dİ2012 215 $a1 online resource (290 pages) 311 $a953-307-957-6 606 $aColon (Anatomy)$xDiseases 615 0$aColon (Anatomy)$xDiseases. 676 $a616.34 702 $aLule$b Godfrey 801 0$bNjHacI 801 1$bNjHacl 906 $aBOOK 912 $a9910138438703321 996 $aCurrent Concepts in Colonic Disorders$91979044 997 $aUNINA LEADER 01166nam 2200349Ia 450 001 996383462803316 005 20221108082856.0 035 $a(CKB)1000000000580431 035 $a(EEBO)2248590490 035 $a(OCoLC)12211636 035 $a(EXLCZ)991000000000580431 100 $a19850628d1673 uy | 101 0 $aeng 135 $aurbn||||a|bb| 200 14$aThe advocate of conscience liberty, or, An apology for toleration rightly stated$b[electronic resource] $eshewing the obligatory injunctions and precepts for Christian peace and charity 210 $a[London $cs.n.]$d1673 215 $a[8], 310 p 300 $aReproduction of original in Huntington Library. 330 $aeebo-0113 606 $aFreedom of religion$zGreat Britain 606 $aLiberty of conscience 615 0$aFreedom of religion 615 0$aLiberty of conscience. 700 $aWalsh$b Peter$f1618?-1688.$01001611 801 0$bEAA 801 1$bEAA 801 2$bm/c 801 2$bWaOLN 906 $aBOOK 912 $a996383462803316 996 $aThe advocate of conscience liberty, or, An apology for toleration rightly stated$92408229 997 $aUNISA